[Event "George Trundle Reserves 2016"]
[Site "Auckland"]
[Date "2016.07.11"]
[Round "3.1"]
[White "Eade, Don"]
[Black "Lyall, Simon"]
[Result "1-0"]
[LiveChessVersion "1.4.8"]
[BlackElo "1762"]
[WhiteElo "1837"]

1. c4 {[%clk 1:30:01]} e5 {[%clk 1:30:51]} 2. Nf3 {[%clk 1:29:57]} Nc6
{[%clk 1:30:41]} 3. d3 {[%clk 1:30:01]} f5 {[%clk 1:29:59]} 4. Nc3
{[%clk 1:29:46]} Nf6 {[%clk 1:29:34]} 5. g3 {[%clk 1:29:07]} Bb4 {[%clk 1:28:51]}
6. Bd2 {[%clk 1:29:01]} Bxc3 {[%clk 1:22:41]} 7. Bxc3 {[%clk 1:28:23]} d6
{[%clk 1:22:57]} 8. Bg2 {[%clk 1:27:56]} O-O {[%clk 1:23:08]} 9. O-O
{[%clk 1:27:51]} Qe8 {[%clk 1:21:27]} 10. e3 {[%clk 1:22:21]} Qh5
{[%clk 1:13:21]} 11. Nd2 {[%clk 1:17:09]} Ng4 {[%clk 1:08:11]} 12. h3
{[%clk 1:16:44]} Nf6 {[%clk 1:08:16]} 13. f4 {[%clk 1:14:04]} Qg6
{[%clk 1:02:39]} 14. Kh2 {[%clk 1:10:24]} Nh5 {[%clk 0:40:03]} 15. Qe1
{[%clk 1:05:44]} Re8 {[%clk 0:35:41]} 16. Qf2 {[%clk 1:04:39]} Nf6
{[%clk 0:32:24]} 17. Rae1 {[%clk 1:01:11]} e4 {[%clk 0:20:05]} 18. dxe4
{[%clk 0:56:57]} Nxe4 {[%clk 0:19:12]} 19. Nxe4 {[%clk 0:54:27]} fxe4
{[%clk 0:19:23]} 20. f5 {[%clk 0:54:25]} Qf7 {[%clk 0:15:31]} 21. f6
{[%clk 0:51:07]} gxf6 {[%clk 0:11:12]} 22. Bxf6 {[%clk 0:47:36]} Qxc4
{[%clk 0:09:18]} 23. Qf4 {[%clk 0:46:48]} Qf7 {[%clk 0:06:18]} 24. Bxe4
{[%clk 0:46:06]} Ne5 {[%clk 0:05:31]} 25. Bxe5 {[%clk 0:39:13]} Qxf4
{[%clk 0:05:30]} 26. Bd5+ {[%clk 0:39:13]} Be6 {[%clk 0:02:22]} 27. Bxe6+
{[%clk 0:39:21]} Rxe6 28. Bxf4 {[%clk 0:39:28]} Rae8 {[%clk 0:02:34]} 29. Rf3
{[%clk 0:37:06]} c6 {[%clk 0:02:28]} 30. Ref1 {[%clk 0:37:09]} d5
{[%clk 0:02:40]} 31. Bg5 {[%clk 0:36:40]} h6 {[%clk 0:02:18]} 32. Bf6
{[%clk 0:34:53]} Rxe3 {[%clk 0:02:23]} 33. Bd4 {[%clk 0:34:10]} R3e4
{[%clk 0:01:01]} 34. Rf4 {[%clk 0:29:58]} a6 {[%clk 0:00:58]} 35. Kg2
{[%clk 0:28:54]} Re2+ {[%clk 0:00:45]} 36. Kg1 {[%clk 0:28:16]} Rc2
{[%clk 0:01:03]} 37. Rg4+ {[%clk 0:28:26]} Kh7 {[%clk 0:01:20]} 38. Rf7# 1-0

[Event "George Trundle Reserves 2016"]
[Site "Auckland"]
[Date "2016.07.11"]
[Round "3.2"]
[White "Taylor, Richard"]
[Black "Song, Kate"]
[Result "1-0"]
[LiveChessVersion "1.4.8"]
[BlackElo "1695"]
[WhiteElo "1866"]

1. e4 {[%clk 1:30:49]} e6 {[%clk 1:30:54]} 2. d4 {[%clk 1:31:12]} d5
{[%clk 1:31:20]} 3. Nd2 {[%clk 1:31:35]} Nf6 {[%clk 1:31:46]} 4. e5 Nfd7 5. Bd3
{[%clk 1:31:47]} c5 {[%clk 1:32:06]} 6. c3 {[%clk 1:32:12]} Nc6 {[%clk 1:32:30]}
7. Ne2 {[%clk 1:32:37]} Be7 {[%clk 1:32:49]} 8. O-O {[%clk 1:32:43]} O-O
{[%clk 1:33:05]} 9. Nf3 {[%clk 1:32:34]} a6 {[%clk 1:32:43]} 10. h4
{[%clk 1:27:59]} h6 {[%clk 1:31:38]} 11. g3 {[%clk 1:23:50]} cxd4
{[%clk 1:26:05]} 12. cxd4 {[%clk 1:23:57]} b5 {[%clk 1:25:51]} 13. Be3
{[%clk 1:21:40]} Bb7 {[%clk 1:24:09]} 14. Nf4 {[%clk 1:20:25]} Re8
{[%clk 1:21:22]} 15. Kg2 {[%clk 1:07:49]} Nf8 {[%clk 1:20:38]} 16. Nh5
{[%clk 1:03:01]} Qd7 {[%clk 1:18:52]} 17. Bxh6 {[%clk 0:51:18]} gxh6
{[%clk 1:14:44]} 18. Qd2 {[%clk 0:51:38]} Bd8 {[%clk 1:15:02]} 19. Qxh6
{[%clk 0:51:17]} f6 {[%clk 1:15:13]} 20. exf6 {[%clk 0:51:26]} Nh7
{[%clk 1:11:45]} 21. Qg6+ {[%clk 0:48:39]} Kf8 {[%clk 1:10:58]} 22. Qxh7
{[%clk 0:46:34]} Qxh7 {[%clk 1:11:16]} 23. Bxh7 {[%clk 0:47:03]} Bb6
{[%clk 1:11:05]} 24. Rad1 {[%clk 0:46:03]} e5 {[%clk 1:09:09]} 25. Bg6
{[%clk 0:46:04]} Re6 {[%clk 1:09:09]} 26. Ng5 {[%clk 0:45:58]} Rd6
{[%clk 1:09:17]} 27. Nf7 {[%clk 0:43:19]} Re6 {[%clk 1:09:19]} 28. dxe5
{[%clk 0:42:44]} Nxe5 {[%clk 1:09:22]} 29. Nxe5 {[%clk 0:43:06]} Rxe5
{[%clk 1:09:37]} 30. Rfe1 {[%clk 0:43:13]} d4+ {[%clk 1:09:22]} 31. Kh2
{[%clk 0:43:34]} Rxe1 {[%clk 1:08:24]} 32. Rxe1 {[%clk 0:44:04]} Rd8
{[%clk 1:07:24]} 33. Nf4 {[%clk 0:42:29]} Rc8 {[%clk 1:06:19]} 34. h5
{[%clk 0:39:14]} Bc6 {[%clk 1:05:38]} 35. Re7 {[%clk 0:36:42]} Bd8
{[%clk 1:04:55]} 36. Ne6+ {[%clk 0:36:55]} Kg8 {[%clk 1:05:19]} 37. Rg7+
{[%clk 0:37:20]} Kh8 {[%clk 1:05:33]} 38. Rh7+ {[%clk 0:37:49]} Kg8
{[%clk 1:05:53]} 39. f7# {[%clk 0:38:18]} 1-0

[Event "George Trundle Reserves 2016"]
[Site "Auckland"]
[Date "2016.07.11"]
[Round "3.3"]
[White "Mukkattu, Philip"]
[Black "Yan, Caroline"]
[Result "1-0"]
[LiveChessVersion "1.4.8"]
[BlackElo "1743"]
[WhiteElo "1658"]

1. d4 {[%clk 1:28:45]} d5 {[%clk 1:30:53]} 2. c4 {[%clk 1:29:02]} e6
{[%clk 1:31:18]} 3. Nc3 {[%clk 1:29:24]} Nf6 {[%clk 1:31:39]} 4. Nf3
{[%clk 1:29:47]} c6 {[%clk 1:31:52]} 5. e3 {[%clk 1:29:22]} Nbd7 {[%clk 1:31:49]}
6. Qc2 {[%clk 1:28:50]} dxc4 {[%clk 1:28:45]} 7. Bxc4 {[%clk 1:28:41]} b5
{[%clk 1:28:32]} 8. Bd3 {[%clk 1:28:15]} Bb7 {[%clk 1:28:19]} 9. O-O
{[%clk 1:23:52]} a6 {[%clk 1:27:15]} 10. a4 {[%clk 1:13:06]} Rc8 {[%clk 1:26:23]}
11. Qe2 {[%clk 1:11:46]} Qc7 {[%clk 1:11:07]} 12. e4 {[%clk 1:11:00]} b4
{[%clk 1:06:40]} 13. e5 {[%clk 1:04:45]} bxc3 {[%clk 1:00:51]} 14. exf6
{[%clk 1:05:12]} cxb2 {[%clk 0:58:20]} 15. fxg7 {[%clk 1:02:08]} Bxg7
{[%clk 0:56:06]} 16. Bxb2 {[%clk 1:02:35]} a5 {[%clk 0:54:20]} 17. Rfc1
{[%clk 0:58:55]} Bh6 {[%clk 0:53:27]} 18. Rc2 {[%clk 0:50:42]} Bg7
{[%clk 0:39:45]} 19. Re1 {[%clk 0:49:08]} Qd6 {[%clk 0:37:08]} 20. d5
{[%clk 0:43:14]} Bxb2 {[%clk 0:35:37]} 21. Rxb2 {[%clk 0:43:41]} Nc5
{[%clk 0:34:24]} 22. dxe6 {[%clk 0:42:33]} fxe6 {[%clk 0:28:04]} 23. Bc4
{[%clk 0:36:39]} Rc7 {[%clk 0:23:00]} 24. Rd2 {[%clk 0:34:04]} Qe7
{[%clk 0:21:08]} 25. Nd4 {[%clk 0:26:05]} Bc8 {[%clk 0:18:53]} 26. Qh5+
{[%clk 0:24:58]} Kf8 {[%clk 0:17:15]} 27. Re3 {[%clk 0:23:07]} Rg8
{[%clk 0:15:54]} 28. Rf3+ {[%clk 0:23:03]} Kg7 {[%clk 0:16:03]} 29. Qe5+
{[%clk 0:22:52]} Kg6 {[%clk 0:14:58]} 30. Qg3+ {[%clk 0:19:38]} Qg5
{[%clk 0:14:06]} 31. Qxg5+ {[%clk 0:19:24]} Kxg5 {[%clk 0:14:11]} 32. Rg3+
{[%clk 0:19:45]} Kf6 {[%clk 0:13:46]} 33. Rxg8 {[%clk 0:19:59]} Nxa4
{[%clk 0:13:09]} 34. h3 {[%clk 0:17:16]} Nc5 {[%clk 0:12:29]} 35. Nb3
{[%clk 0:15:06]} Nxb3 {[%clk 0:11:56]} 36. Bxb3 {[%clk 0:15:32]} c5
{[%clk 0:12:03]} 37. Rdd8 {[%clk 0:15:09]} Bd7 {[%clk 0:11:44]} 38. Ra8
{[%clk 0:14:57]} c4 {[%clk 0:12:00]} 39. Bc2 {[%clk 0:15:15]} Kf7
{[%clk 0:11:11]} 40. Rh8 {[%clk 0:44:46]} a4 {[%clk 0:39:24]} 41. Rxh7+
{[%clk 0:41:22]} Kf6 {[%clk 0:39:42]} 42. Bxa4 1-0

[Event "George Trundle Reserves 2016"]
[Site "Auckland"]
[Date "2016.07.11"]
[Round "3.4"]
[White "Braganza, Nadia"]
[Black "Hair, Philip I"]
[Result "0-1"]
[LiveChessVersion "1.4.8"]
[BlackElo "1907"]
[WhiteElo "1358"]

1. e4 {[%clk 1:30:53]} Nc6 {[%clk 1:30:51]} 2. Nf3 {[%clk 1:31:08]} d6
{[%clk 1:31:13]} 3. d4 {[%clk 1:31:02]} Nf6 {[%clk 1:31:38]} 4. Nc3
{[%clk 1:30:56]} g6 {[%clk 1:31:23]} 5. Be2 {[%clk 1:30:28]} Bg7 {[%clk 1:31:44]}
6. O-O {[%clk 1:30:04]} O-O {[%clk 1:32:05]} 7. Be3 {[%clk 1:28:18]} a6
{[%clk 1:29:36]} 8. Qd2 {[%clk 1:24:27]} b5 {[%clk 1:27:37]} 9. d5
{[%clk 1:14:34]} Na5 {[%clk 1:25:59]} 10. Bh6 {[%clk 1:07:44]} c5
{[%clk 1:20:44]} 11. Bxg7 {[%clk 1:01:24]} Kxg7 {[%clk 1:21:05]} 12. e5
{[%clk 0:55:41]} dxe5 {[%clk 1:20:19]} 13. Nxe5 {[%clk 0:55:56]} Bb7
{[%clk 0:54:25]} 14. Rfd1 {[%clk 0:51:16]} Qd6 {[%clk 0:46:46]} 15. Ng4
{[%clk 0:47:14]} Nxg4 {[%clk 0:45:17]} 16. Bxg4 {[%clk 0:47:15]} Nc4
{[%clk 0:43:57]} 17. Ne4 {[%clk 0:43:24]} Qe5 {[%clk 0:28:02]} 18. Qc3
{[%clk 0:32:43]} Qxc3 {[%clk 0:25:40]} 19. bxc3 {[%clk 0:32:58]} e6
{[%clk 0:11:08]} 20. Nxc5 {[%clk 0:24:38]} Bxd5 {[%clk 0:11:21]} 21. h3
{[%clk 0:20:10]} Ne5 {[%clk 0:08:32]} 22. Be2 {[%clk 0:19:36]} Rfc8
{[%clk 0:08:43]} 23. Nd3 {[%clk 0:17:34]} Nxd3 24. Rxd3 {[%clk 0:17:37]} Bc4
{[%clk 0:04:41]} 25. Re3 {[%clk 0:15:22]} Bxe2 {[%clk 0:04:38]} 26. Rxe2
{[%clk 0:15:43]} Rxc3 {[%clk 0:04:58]} 27. a4 {[%clk 0:12:48]} b4
{[%clk 0:04:42]} 28. Kf1 {[%clk 0:09:42]} Rac8 {[%clk 0:03:55]} 29. Ra2
{[%clk 0:09:04]} Ra3 {[%clk 0:03:15]} 30. Rb2 {[%clk 0:07:45]} Rxa4
{[%clk 0:03:27]} 31. Re4 {[%clk 0:07:48]} a5 {[%clk 0:03:46]} 32. Ke2
{[%clk 0:08:00]} Ra3 {[%clk 0:03:29]} 33. Kd2 {[%clk 0:06:53]} Rac3
{[%clk 0:03:11]} 34. Ra2 {[%clk 0:05:23]} R8c5 {[%clk 0:03:23]} 35. g3
{[%clk 0:05:11]} g5 {[%clk 0:03:02]} 36. Rg4 {[%clk 0:04:39]} h5 {[%clk 0:03:22]}
37. Re4 {[%clk 0:05:05]} Kf6 {[%clk 0:03:05]} 38. Re2 {[%clk 0:05:19]} Rd5+
{[%clk 0:02:56]} 39. Kc1 {[%clk 0:05:26]} Ke7 {[%clk 0:01:10]} 40. Rd2
{[%clk 0:34:04]} Rb5 {[%clk 0:31:07]} 41. Rd4 {[%clk 0:34:00]} Rf3
{[%clk 0:27:41]} 42. Rd2 {[%clk 0:33:15]} Ra3 {[%clk 0:18:13]} 43. Kb1
{[%clk 0:29:38]} Rxa2 {[%clk 0:18:09]} 44. Kxa2 {[%clk 0:29:58]} a4
{[%clk 0:18:34]} 45. Kb2 {[%clk 0:30:01]} Rc5 {[%clk 0:16:57]} 46. Rd4
{[%clk 0:28:37]} a3+ {[%clk 0:16:57]} 47. Kb3 {[%clk 0:27:54]} Rc3+
{[%clk 0:17:16]} 48. Kxb4 {[%clk 0:28:03]} a2 {[%clk 0:17:35]} 49. Rd1
{[%clk 0:27:56]} Rxc2 {[%clk 0:17:57]} 50. Ra1 {[%clk 0:27:45]} Rxf2
{[%clk 0:18:06]} 51. Kb3 {[%clk 0:27:51]} Rg2 {[%clk 0:18:05]} 52. Rxa2
{[%clk 0:28:03]} Rxa2 {[%clk 0:17:59]} 53. Kxa2 {[%clk 0:28:27]} Kd6
{[%clk 0:18:19]} 54. Kb3 {[%clk 0:28:50]} Kd5 {[%clk 0:18:36]} 55. Kc3
{[%clk 0:29:02]} Ke4 {[%clk 0:19:01]} 56. g4 {[%clk 0:28:17]} hxg4
{[%clk 0:19:21]} 57. hxg4 {[%clk 0:28:39]} Kf4 {[%clk 0:19:43]} 58. Kd4
{[%clk 0:28:57]} Kxg4 {[%clk 0:20:06]} 59. Ke4 {[%clk 0:29:17]} f5+
{[%clk 0:20:19]} 60. Ke5 {[%clk 0:29:36]} Kf3 {[%clk 0:20:30]} 61. Kxe6
{[%clk 0:29:52]} g4 {[%clk 0:20:54]} 62. Ke5 {[%clk 0:30:09]} g3 {[%clk 0:21:16]}
63. Kd4 {[%clk 0:30:31]} g2 {[%clk 0:21:38]} 64. Kd5 {[%clk 0:30:53]} g1=Q
{[%clk 0:21:52]} 65. Kc4 {[%clk 0:31:07]} Ke4 {[%clk 0:22:12]} 66. Kc3
{[%clk 0:31:14]} Qc1+ {[%clk 0:22:26]} 67. Kb4 {[%clk 0:31:35]} Kd4
{[%clk 0:22:49]} 68. Kb5 {[%clk 0:31:57]} Qc5+ {[%clk 0:23:01]} 69. Ka4
{[%clk 0:32:13]} Qb6 {[%clk 0:23:25]} 70. Ka3 {[%clk 0:32:34]} Kc3
{[%clk 0:23:48]} 71. Ka2 {[%clk 0:32:51]} Qb2# 0-1

[Event "George Trundle Reserves 2016"]
[Site "Auckland"]
[Date "2016.07.11"]
[Round "3.5"]
[White "Punsalan, Vyanla M"]
[Black "Jia, Hao"]
[Result "0-1"]
[LiveChessVersion "1.4.8"]
[BlackElo "1930"]
[WhiteElo "1649"]

1. e4 {[%clk 1:30:30]} c5 {[%clk 1:30:25]} 2. Nf3 {[%clk 1:30:29]} Nc6
{[%clk 1:30:40]} 3. Nc3 {[%clk 1:30:43]} g6 {[%clk 1:29:59]} 4. d4
{[%clk 1:29:59]} cxd4 {[%clk 1:29:21]} 5. Nxd4 {[%clk 1:29:46]} Bg7
{[%clk 1:29:14]} 6. Be3 {[%clk 1:29:34]} d6 {[%clk 1:26:34]} 7. Bc4
{[%clk 1:28:45]} Nf6 {[%clk 1:25:24]} 8. O-O {[%clk 1:27:50]} O-O
{[%clk 1:24:56]} 9. h3 {[%clk 1:26:34]} a6 {[%clk 1:12:15]} 10. Nxc6
{[%clk 1:17:58]} bxc6 {[%clk 1:12:21]} 11. f4 {[%clk 1:17:56]} Bb7
{[%clk 1:06:28]} 12. Bb3 {[%clk 1:14:53]} Qc7 {[%clk 1:00:46]} 13. f5
{[%clk 1:11:26]} Kh8 {[%clk 0:56:30]} 14. Qd2 {[%clk 1:07:45]} Rad8
{[%clk 0:46:07]} 15. Bh6 {[%clk 1:03:25]} d5 {[%clk 0:43:16]} 16. Bxg7+
{[%clk 1:02:13]} Kxg7 {[%clk 0:43:36]} 17. exd5 {[%clk 1:01:35]} Qb6+
{[%clk 0:37:39]} 18. Kh1 {[%clk 1:00:54]} cxd5 {[%clk 0:37:13]} 19. Na4
{[%clk 0:58:53]} Ne4 {[%clk 0:32:23]} 20. Qf4 {[%clk 0:55:57]} Qd6
{[%clk 0:30:29]} 21. Qxd6 {[%clk 0:54:50]} Rxd6 {[%clk 0:30:43]} 22. Kh2
{[%clk 0:54:41]} Rf6 {[%clk 0:25:49]} 23. Rad1 {[%clk 0:52:37]} e6
{[%clk 0:21:53]} 24. g4 {[%clk 0:50:37]} Bc6 {[%clk 0:16:50]} 25. Nc3
{[%clk 0:49:17]} Nxc3 {[%clk 0:16:13]} 26. bxc3 {[%clk 0:49:16]} Bb5
{[%clk 0:16:12]} 27. Rf2 {[%clk 0:49:09]} Rc8 {[%clk 0:15:41]} 28. a4
{[%clk 0:46:19]} Bc4 {[%clk 0:15:35]} 29. Rb1 {[%clk 0:45:59]} Bxb3
{[%clk 0:13:32]} 30. cxb3 {[%clk 0:43:45]} Rxc3 {[%clk 0:13:43]} 31. b4
{[%clk 0:43:50]} exf5 {[%clk 0:12:54]} 32. gxf5 {[%clk 0:43:35]} Rb6
{[%clk 0:09:18]} 33. fxg6 {[%clk 0:42:33]} hxg6 {[%clk 0:09:25]} 34. Rd2
{[%clk 0:41:41]} Ra3 {[%clk 0:08:57]} 35. a5 {[%clk 0:40:58]} Rb5
{[%clk 0:04:17]} 36. Rbb2 {[%clk 0:39:59]} Re3 {[%clk 0:03:53]} 37. Rd4
{[%clk 0:38:31]} Re4 {[%clk 0:04:11]} 38. Rxe4 {[%clk 0:35:47]} dxe4
{[%clk 0:04:34]} 39. Kg3 {[%clk 0:35:56]} f5 {[%clk 0:01:46]} 40. Kf4
{[%clk 1:05:18]} Kf6 {[%clk 0:32:14]} 41. h4 {[%clk 1:05:24]} Rb8
{[%clk 0:28:27]} 42. Rb3 {[%clk 1:05:24]} Rh8 {[%clk 0:27:04]} 43. Rh3
{[%clk 1:03:12]} Ke6 {[%clk 0:22:08]} 44. Kg5 {[%clk 1:02:39]} Ke5
{[%clk 0:18:14]} 45. Kxg6 {[%clk 1:01:14]} f4 {[%clk 0:18:29]} 46. Kg7
{[%clk 1:01:28]} Rd8 {[%clk 0:16:57]} 47. h5 {[%clk 1:01:23]} e3 {[%clk 0:17:16]}
48. h6 {[%clk 1:01:44]} e2 {[%clk 0:17:19]} 49. Rh1 {[%clk 1:02:06]} Rd1
{[%clk 0:17:34]} 50. Rh5+ {[%clk 1:01:27]} Ke6 {[%clk 0:16:40]} 51. h7
{[%clk 1:01:19]} Rd7+ {[%clk 0:12:06]} 52. Kf8 {[%clk 1:01:21]} Rd8+
{[%clk 0:12:29]} 53. Kg7 {[%clk 1:01:41]} e1=Q {[%clk 0:12:25]} 54. Rh6+
{[%clk 1:01:56]} Kd7 {[%clk 0:12:20]} 55. h8=Q {[%clk 1:01:38]} Qe5+
{[%clk 0:12:30]} 56. Rf6 {[%clk 1:01:32]} Rxh8 {[%clk 0:12:37]} 57. Kxh8
{[%clk 1:01:47]} Qxf6+ {[%clk 0:13:03]} 58. Kh7 {[%clk 1:02:05]} Ke7
{[%clk 0:13:19]} 59. b5 {[%clk 1:02:02]} Kf7 {[%clk 0:13:37]} 60. bxa6
{[%clk 1:02:23]} Qg7# 0-1